01729nam a2200469 i 450000100060000000300080000600500170001400600190003100700150005000800410006502000270010603500230013303500240015603500250018003500220020504000310022705000220025808000100028008200160029010000390030624500910034526400370043630000400047333600310051333700330054433800430057749000300062050000220065058801270067259001630079965000260096265000290098865000240101765000290104165000160107065000170108665500270110379700190113083000310114985600620118099900170124293078FlNmELB20241217172153.0m o d | cr cnu||||||||171107s2017 sp o 001 0 spa d a9781512945225 (e-book) a(MiAaPQ)EBC5045256 a(Au-PeEL)EBL5045256 a(CaPaEBR)ebr11440058 a(OCoLC)1105424472 aFINmELBbspaerdacFINmELB 4aHF5485bH558 2017 a658.80 a658.7852231 aHernández Barrueco, Luis Carlos.10aTécnicas y fórmulas de estiba de mercancías /cLuis Carlos Hernández Barrueco. 1aBarcelona :bMarge Books,c2017. a1 recurso en línea (61 páginas) atextobtxt2rdacontent/spa acomputadorabc2rdamedia/spa arecurso en líneabcr2rdacarrier/spa1 aBiblioteca de logística aIncluye índice. aDescripción basada en recurso en línea; Título de la página del título en PDF (e-libro, visto November 7, 2017). aRecurso electrónico. Santa Fe, Arg. : e-libro, 2017. Disponible vía World Wide Web. El acceso puede ser limitado para las bibliotecas afiliadas a e-Libro. 0aMaterials management. 4aGestión de materiales. 0aBusiness logistics. 4aLogística empresarial. 0aWarehouses. 4aDepósitos. 4aLibros electrónicos.2 ae-libro, Corp. 0aBiblioteca de logística.40uhttps://elibro.net/ereader/politecnicointernacional/36706 c93078d93078